000
00335nam a2200133Ia 4500
008
240624s9999 xx 000 0 und d
041
_a
eng
082
_a
363.7 CLA
100
_a
CLARKE TRACYLEE
245
_a
ENVIRONMENTAL CONFLICT MANAGEMENT
260
_c
2016
_a
London
_b
Sage
300
_a
xvi, : 230 : p. : cm. ; 25
365
_c
_b
38
999
_c
27579
_d
27579